£190bn bounty for UK construction employers (Record no. 78100)

MARC details
000 -LEADER
fixed length control field 01073cab a2200205 4500
001 - CONTROL NUMBER
control field ##L136024
008 - FIXED-LENGTH DATA ELEMENTS--GENERAL INFORMATION
fixed length control field 070103n2006 000 0 eng u
035 ## - SYSTEM CONTROL NUMBER
System control number (Sirsi) u136024
041 0# - LANGUAGE CODE
Language code of text/sound track or separate title eng
110 2# - MAIN ENTRY--CORPORATE NAME
Corporate name or jurisdiction name as entry element CITB-ConstructionSkills
9 (RLIN) 4992
245 00 - TITLE STATEMENT
Title £190bn bounty for UK construction employers
260 ## - PUBLICATION, DISTRIBUTION, ETC.
Date of publication, distribution, etc. 2006
490 #0 - SERIES STATEMENT
Series statement CITB-ConstructionSkills Press Release
Volume/sequential designation 12 December 2006
520 ## - SUMMARY, ETC.
Summary, etc. New statistics from the Construction Skills Network reveal that there are over 7 500 new construction projects anticipated from 2007 until the end of 2012, with a total value of nearly £190bn. Top future projects include Heathrow Terminal 5, Hounslow, Barracks Development, Aldershot, and a waste water project, Crawley. To manage this future demand, ConstructionSkills is urging employers to consider their approach to training and retaining staff.
590 ## - LOCAL NOTE (RLIN)
Local note KA
651 #4 - SUBJECT ADDED ENTRY--GEOGRAPHIC NAME
Geographic name United Kingdom
Chronological subdivision
690 ## - LOCAL SUBJECT ADDED ENTRY--TOPICAL TERM (OCLC, RLIN)
Topical term or geographic name as entry element BUILT ENVIRONMENT
856 40 - ELECTRONIC LOCATION AND ACCESS
Uniform Resource Identifier <a href="https://www.constructionskills.net/news">https://www.constructionskills.net/news</a>
Public note View the item free of charge at www.constructionskills.net...
942 ## - ADDED ENTRY ELEMENTS (KOHA)
Suppress in OPAC 0
Holdings
Withdrawn status Lost status Source of classification or shelving scheme Damaged status Not for loan Home library Current library Shelving location Date acquired Total Checkouts Full call number Barcode Date last seen Copy number Price effective from Koha item type
    Dewey Decimal Classification     Virtual Virtual Online 03/01/2007   ONLINE PUBLICATION 136024-2001 06/08/2019 1 06/08/2019 Journal article